Statistics for Name That Country # 2

Click here to take the quiz!

General Stats

  • This quiz has been taken 257 times
    (199 since last reset)
  • The average score is 13 of 15

Answer Stats

Clues Country % Correct
Mozart,Vienna,SalzburgAustria
96%
Bern,Medical,ZurichSwitzerland
95%
Lima,Ollanta Humala,Machu PichuPeru
95%
Buenos Aires,Cristina Fernandez De Krichner,Iguazu FallsArgentina
94%
Bucharest,Bran Castle,Stanislav ManolevRomania
93%
Baghdad,Fuad Masum,An NajafIraq
93%
Sofia,Rosen Plevneliev,Alexandar TonevBulgaria
92%
Chernobyl,Kiev,Arnesiy YatsenyukUkraine
91%
Montevideo,Luis Suarez,Tabare VazquezUruguay
85%
Belgrade,Aleksandar Vucic,Church Of Saint SavaSerbia
84%
Sana'a,Abd Rabbuh Mansur Hadi,Cisterns Of TawilaYemen
73%
Dhaka,Kollywood,Sheikh HasinaBangladesh
73%
Tashkent,Islam Karimov,RegistanUzbekistan
69%
Georgetown,David A. Granger,Iwokrama ForestGuyana
63%
Yaounde,Paul Biya,AdamawaCameroon
54%

Score Distribution

Percentile by Number Answered

Percent of People with Each Score

Your Score History

You have not taken this quiz since the last reset